1803 1070 1295 1552 1926 1914 1155 1719 1712 1920 1067 1072 1033 1729 1483 1974 1238 1922 1001 1566 1766 1122 1954 1619 1676 1215 1545 1256 1824 1166 1953 1592 1184 1724 1987 1111 1769 1673 1075 1387 1831 1496 1890 1955 1738 1019 1260 1882 1124 1629 1895 1864 1976 1386 1829 1803 1374 1035 1051 1977 1109 1480 1607 1814 1967 1844 1184 1525 1244 1210 1684 1733 1313 1322 1757 1154 1294 1236 1997 1634 1493 1825 1184 1837 1260 1501 1060 1001 1001 1739 1621 1625 1528 1818 1912 1487 1930 1081 1661 BCNSPRNW ULIB Ver.6.0+V

เปลี่ยนเป็นภาษาไทย

Change to English
 แสดงรายละเอียดบรรณานุกรม
  กลับหน้าหลัก

Brief Record : Get Marc (ISO 2709) : E-mail record : QR code < ปิดหน้าต่าง
LEADER : 00000nam 2200000uu 4500
001    13399110444
003     ULIB
008    110530s2011||||th 000 0 eng d
020    9781608311255
060 04 WY18.2^bB598l 2011
100 1  Billings, Diane McGovern
245 00 Lippincott s Q&A review for NCLEX-RN /^cDiane M. Billings
246 3  Lippincott s Q and A review for NCLEX-RN
246 3  NCLEX-RN
246 30 Q&A review for NCLEX-RN
250    10th ed
260    Philadelphia :^bWolters Kluwer Health/Lippincott Williams& Wilkins,^c2011
300    xiii, 1068 p. :^bill. (some col.) ;^c28 cm. +^e1 CD-ROM (3/4 in.)
504    Includes bibliographical references
650  0 Nursing^vExaminations, questions, etc
650  0 Nursing^vExaminations, questions, etc
650  2 Nursing Care^vExamination Questions
945    ^p2300^l0^i030102
995    Kesorn
999 ^a ใช้งานได้ทุกระบบ
รายการนี้ยังไม่มีแท็ก
คุณยังไม่ได้ล็อกอิน คุณสามารถมีกิจกรรมร่วมกับเว็บไซต์ได้ แต่ต้องล็อกอินก่อน ::
  ล็อกอิน

รายการสื่อสารสนเทศ

ลำดับที่ ประเภท เลขเรียก/บาร์โค้ด สถานที่ สถานะ
- ไม่พบข้อมูล -

BibComment


ยังไม่เคยถูกคอมเมนท์

คอมเมนท์ทรัพยากรรายการนี้
  คอมเมนท์: Lippincott s QA r..


 Copyright 2026. Bcnsprnw @Library